| Tag |
First Indicator |
Second Indicator |
Subfields |
| LEADER |
00000cam a2200000 i 4500 |
| 001 |
in00000340607 |
| 005 |
20231221110835.0 |
| 007 |
ta |
| 008 |
760505s1975 nyua b 001 0 eng |
| 010 |
|
|
|a 74027703
|
| 016 |
7 |
|
|a 002460251
|2 Uk
|
| 019 |
|
|
|a 2212713
|a 282841735
|a 773198955
|a 773215578
|a 963340141
|a 972829677
|a 1008271557
|a 1110817432
|a 1165614049
|a 1165615011
|a 1202956248
|a 1224712239
|a 1243767431
|a 1296909235
|
| 020 |
|
|
|a 048623164X
|q (paperback)
|
| 020 |
|
|
|a 9780486231648
|q (paperback)
|
| 029 |
1 |
|
|a AU@
|b 000000730355
|
| 029 |
1 |
|
|a CHBIS
|b 007633577
|
| 029 |
1 |
|
|a CHVBK
|b 185538533
|
| 029 |
1 |
|
|a DEBBG
|b BV004118198
|
| 029 |
1 |
|
|a DEBSZ
|b 115620109
|
| 029 |
1 |
|
|a GEBAY
|b 10997946
|
| 029 |
1 |
|
|a HEBIS
|b 128573961
|
| 029 |
1 |
|
|a HR0
|b 048623164X
|
| 029 |
1 |
|
|a NLGGC
|b 782807275
|
| 029 |
1 |
|
|a NZ1
|b 1001455
|
| 029 |
1 |
|
|a NZ1
|b 14088914
|
| 029 |
1 |
|
|a NZ1
|b 3415727
|
| 029 |
1 |
|
|a UKBCI
|b 051836823
|
| 029 |
1 |
|
|a UKBNS
|b 051836823
|
| 029 |
1 |
|
|a UKSCO
|b 051836823
|
| 029 |
1 |
|
|a UKSGC
|b 051836823
|
| 029 |
1 |
|
|a UKSOM
|b 051836823
|
| 029 |
1 |
|
|a UNITY
|b 051836823
|
| 029 |
1 |
|
|a YDXCP
|b 433036
|
| 029 |
1 |
|
|a UKMGB
|b 002460251
|
| 035 |
|
|
|a (OCoLC)ocm02063929
|
| 035 |
|
|
|a (OCoLC)2063929
|z (OCoLC)2212713
|z (OCoLC)282841735
|z (OCoLC)773198955
|z (OCoLC)773215578
|z (OCoLC)963340141
|z (OCoLC)972829677
|z (OCoLC)1008271557
|z (OCoLC)1110817432
|z (OCoLC)1165614049
|z (OCoLC)1165615011
|z (OCoLC)1202956248
|z (OCoLC)1224712239
|z (OCoLC)1243767431
|z (OCoLC)1296909235
|
| 035 |
|
|
|a (OCoLC)ocm02063929
|
| 040 |
|
|
|a DLC
|b eng
|c DLC
|d BAKER
|d BTCTA
|d YDXCP
|d MOF
|d GEBAY
|d UKMGB
|d OCLCF
|d OCLCQ
|d TULIB
|d DEBBG
|d EUN
|d OCLCQ
|d OCLCO
|d BRL
|d OCLCA
|d BGU
|d OCLCO
|d OCLCQ
|d OCLCA
|d DCT
|d CPS
|d EZ9
|d OKS
|d OCLCO
|d SAR
|d OCLCO
|d FLWVS
|d PAU
|d OCLCQ
|d OCLCO
|
| 050 |
0 |
0 |
|a NC998.45.A7
|b A38
|
| 060 |
|
4 |
|a NC998.45.A7
|b A38
|
| 080 |
|
|
|a 743.8
|
| 082 |
0 |
0 |
|a 741.67/09/042
|
| 084 |
|
|
|a AP 15040
|2 rvk
|
| 084 |
|
|
|a LH 71380
|2 rvk
|
| 245 |
0 |
0 |
|a Advertising art in the Art Deco style /
|c selected by Theodore Menten.
|
| 260 |
|
|
|a New York :
|b Dover Publications,
|c 1975.
|
| 300 |
|
|
|a [172] pages :
|b all illustrations (some color) ;
|c 29 cm.
|
| 336 |
|
|
|a text
|b txt
|2 rdacontent
|
| 337 |
|
|
|a unmediated
|b n
|2 rdamedia
|
| 338 |
|
|
|a volume
|b nc
|2 rdacarrier
|
| 490 |
0 |
|
|a Dover books on graphic arts, printing, calligraphy, advertising and related areas
|
| 504 |
|
|
|a Includes bibliographical references and index.
|
| 520 |
|
|
|a 363 ads, posters, trademarks and other commercial graphics -- 22 in full color -- that pictorially chronicle the rise of Art Deco in Europe and America. Artists include Kinger, Teague, Carlu, Lepape, Darcy, Brill.
|
| 650 |
|
0 |
|a Commercial art.
|
| 650 |
|
0 |
|a Art deco.
|
| 650 |
|
6 |
|a Art publicitaire.
|
| 650 |
|
6 |
|a Art déco.
|
| 650 |
|
7 |
|a commercial art.
|2 aat
|
| 650 |
|
7 |
|a Art Deco.
|2 aat
|
| 650 |
|
7 |
|a Art deco
|2 fast
|
| 650 |
|
7 |
|a Commercial art
|2 fast
|
| 650 |
|
7 |
|a Art Déco
|2 gnd
|
| 650 |
|
7 |
|a Werbegrafik
|2 gnd
|
| 655 |
|
7 |
|a Books.
|2 gmgpc
|
| 700 |
1 |
|
|a Menten, Theodore.
|
| 856 |
4 |
2 |
|3 Publisher description
|u http://catdir.loc.gov/catdir/description/dover031/74027703.html
|t 0
|
| 938 |
|
|
|a Baker & Taylor
|b BKTY
|c 14.95
|d 11.21
|i 048623164X
|n 0000118968
|s active
|
| 938 |
|
|
|a Baker and Taylor
|b BTCP
|n 74027703
|c $5.00
|
| 938 |
|
|
|a YBP Library Services
|b YANK
|n 433036
|
| 948 |
|
|
|h HELD BY TXA - 513 OTHER HOLDINGS
|
| 994 |
|
|
|a Z0
|b TXA
|
| 999 |
f |
f |
|s 3793a29c-1b17-3c25-ae33-58f4366d5a42
|i 56a1aad7-f108-3dcb-88ad-53b93528b64e
|t 0
|
| 952 |
f |
f |
|p ric
|a Texas A&M University
|b Rellis Campus
|c Joint Library Facility
|d Remote Storage
|t 0
|e NC998.45.A7 A38
|h Library of Congress classification
|i unmediated -- volume
|m A14803465793
|
| 998 |
f |
f |
|a NC998.45.A7 A38
|t 0
|l Remote Storage
|